|
|
|
|
| LEADER |
00853nab a2200157 i 4500 |
| 001 |
univ65413 |
| 005 |
20230224110635.0 |
| 008 |
230224s2023 hu o 0|| hun d |
| 040 |
|
|
|a SZTE UnivHistória Repozitórium
|b hun
|
| 041 |
|
|
|a hun
|
| 245 |
0 |
0 |
|a Ismét elnyerte a Családbarát Munkahely Védjegyet az SZTE Mezőgazdasági Kar
|h [elektronikus dokumentum]
|
| 260 |
|
|
|c 2023-02-23
|
| 490 |
0 |
|
|a SZTE Info
|
| 561 |
|
|
|a Egyetemi hirarchívum
|
| 695 |
|
|
|a Kitüntetés - minősítés - Családbarát Munkahely tanúsító védjegy, Családbarát Magyarország Központ, Mezőgazdasági Kar - MGK, Jani Péter - dékáni hivatalvezető
|
| 856 |
4 |
0 |
|u http://univ.bibl.u-szeged.hu/65413/1/Szegedi%20Tudom%C3%A1nyegyetem%20_%20Ism%C3%A9t%20elnyerte%20a%20Csal%C3%A1dbar%C3%A1t%20Munkahely%20V%C3%A9djegyet%20az%20SZTE%20Mez%C5%91gazdas%C3%A1gi%20Kar.pdf
|z Dokumentum-elérés
|